000 00515nam a2200181Ia 4500
005 20250508153750.0
008 008 250505s9999 xx 000 0 eng d
037 _aTextual
040 _aFEDL
_beng
_cFEDL
041 _aeng
_2eng
084 _a808.5, ROB
_qFEDL
100 _aRobinson Karl F
_992308
245 0 _aTeaching speech in the secondary school
260 _aNew York, USA
_bLongmans, Green and Co
_c1951
300 _avii,438p
942 _cTEXL
_h808.5, ROB
999 _c1345322
_d1345322